BAFTA Film Award Nominees for Best Actress - Statistics

General Stats
  • This quiz has been taken 235 times
    52 since last reset
  • The average score is 252 of 426
Answer Stats
Year Film Actress % Correct
2025 Bugonia Emma Stone
100%
2023 Poor Things Emma Stone
100%
2016 La La Land Emma Stone
100%
2022 Tár Cate Blanchett
97%
2015 Carol Cate Blanchett
97%
2013 Blue Jasmine Cate Blanchett
97%
2007 Elizabeth: The Golden Age Cate Blanchett
97%
1998 Elizabeth Cate Blanchett
97%
2024 The Substance Demi Moore
97%
2012 Silver Linings Playbook Jennifer Lawrence
97%
2014 Still Alice Julianne Moore
97%
2010 The Kids Are All Right Julianne Moore
97%
1999 The End of the Affair Julianne Moore
97%
2000 Erin Brockovich Julia Roberts
97%
1990 Pretty Woman Julia Roberts
97%
2021 House of Gucci Lady Gaga
97%
2018 A Star Is Born Lady Gaga
97%
2023 Barbie Margot Robbie
97%
2017 I, Tonya Margot Robbie
97%
1981 Ordinary People Mary Tyler Moore
97%
2016 Florence Foster Jenkins Meryl Streep
97%
2011 The Iron Lady Meryl Streep
97%
2009 Julie & Julia Meryl Streep
97%
2008 Doubt Meryl Streep
97%
2006 The Devil Wears Prada Meryl Streep
97%
2002 The Hours Meryl Streep
97%
1986 Out of Africa Meryl Streep
97%
1984 Silkwood Meryl Streep
97%
1983 Sophie's Choice Meryl Streep
97%
1981 The French Lieutenant's Woman Meryl Streep
97%
1980 Kramer vs. Kramer Meryl Streep
97%
1979 The Deer Hunter Meryl Streep
97%
2018 The Favourite Olivia Colman
97%
2019 Marriage Story Scarlett Johansson
97%
2003 Lost in Translation Scarlett Johansson
97%
2003 Girl with a Pearl Earring Scarlett Johansson
97%
1964 Charade Audrey Hepburn
94%
1959 The Nun's Story Audrey Hepburn
94%
1956 War and Peace Audrey Hepburn
94%
1954 Sabrina Audrey Hepburn
94%
1953 Roman Holiday Audrey Hepburn
94%
1991 The Silence of the Lambs Jodie Foster
94%
1989 The Accused Jodie Foster
94%
2008 The Reader Kate Winslet
94%
2008 Revolutionary Road Kate Winslet
94%
2006 Little Children Kate Winslet
94%
2004 Eternal Sunshine of the Spotless Mind Kate Winslet
94%
2004 Finding Neverland Kate Winslet
94%
1963 This Sporting Life Rachel Roberts
94%
1960 Saturday Night and Sunday Morning Rachel Roberts
94%
2014 Wild Reese Witherspoon
94%
2005 Walk the Line Reese Witherspoon
94%
2019 Judy Renée Zellweger
94%
2002 Chicago Renée Zellweger
94%
2001 Bridget Jones's Diary Renée Zellweger
94%
2003 Kill Bill: Volume 1 Uma Thurman
94%
1994 Pulp Fiction Uma Thurman
94%
2022 The Woman King Viola Davis
94%
2018 Widows Viola Davis
94%
2011 The Help Viola Davis
94%
2016 Arrival Amy Adams
91%
2014 Big Eyes Amy Adams
91%
2013 American Hustle Amy Adams
91%
1974 The Way We Were Barbra Streisand
91%
1969 Funny Girl Barbra Streisand
91%
1969 Hello Dolly! Barbra Streisand
91%
2021 CODA Emilia Jones
91%
2014 The Theory of Everything Felicity Jones
91%
2020 Nomadland Frances McDormand
91%
2017 Three Billboards Outside Ebbing, Missouri Frances McDormand
91%
1996 Fargo Frances McDormand
91%
1991 Thelma & Louise Geena Davis
91%
1998 Shakespeare in Love Gwyneth Paltrow
91%
1963 What Ever Happened to Baby Jane? Bette Davis
91%
1957 The Rainmaker Katharine Hepburn
91%
1955 Summertime Katharine Hepburn
91%
1952 Pat and Mike Katharine Hepburn
91%
2012 Zero Dark Thirty Jessica Chastain
91%
2013 Philomena Judi Dench
91%
2006 Notes on a Scandal Judi Dench
91%
2005 Mrs Henderson Presents Judi Dench
91%
2001 Iris Judi Dench
91%
1997 Mrs Brown Judi Dench
91%
1992 Husbands and Wives Judy Davis
91%
1980 My Brilliant Career Judy Davis
91%
1982 On Golden Pond Katharine Hepburn
91%
1968 Guess Who's Coming to Dinner Katharine Hepburn
91%
1968 The Lion in Winter Katharine Hepburn
91%
2022 Everything Everywhere All at Once Michelle Yeoh
91%
2000 Crouching Tiger, Hidden Dragon Michelle Yeoh
91%
2016 Jackie Natalie Portman
91%
2010 Black Swan Natalie Portman
91%
2002 The Hours Nicole Kidman
91%
2001 The Others Nicole Kidman
91%
1995 To Die For Nicole Kidman
91%
2014 Gone Girl Rosamund Pike
91%
2013 Gravity Sandra Bullock
91%
2024 The Outrun Saoirse Ronan
91%
2019 Little Women Saoirse Ronan
91%
2017 Lady Bird Saoirse Ronan
91%
2015 Brooklyn Saoirse Ronan
91%
2009 The Lovely Bones Saoirse Ronan
91%
2015 Room Brie Larson
88%
2019 Bombshell Charlize Theron
88%
2005 North Country Charlize Theron
88%
2004 Monster Charlize Theron
88%
2012 Hitchcock Helen Mirren
88%
2006 The Queen Helen Mirren
88%
1995 The Madness of King George Helen Mirren
88%
1984 Cal Helen Mirren
88%
2015 The Lady in the Van Maggie Smith
88%
1988 The Lonely Passion of Judith Hearne Maggie Smith
88%
1986 A Room with a View Maggie Smith
88%
1984 A Private Function Maggie Smith
88%
1981 Quartet Maggie Smith
88%
1979 California Suite Maggie Smith
88%
1969 The Prime of Miss Jean Brodie Maggie Smith
88%
1965 Young Cassidy Maggie Smith
88%
2012 Rust and Bone Marion Cotillard
88%
2007 La Vie en Rose Marion Cotillard
88%
2002 Frida Salma Hayek
88%
2007 Juno Elliot Page
85%
2016 The Girl on the Train Emily Blunt
85%
2022 Good Luck to You, Leo Grande Emma Thompson
85%
2013 Saving Mr. Banks Emma Thompson
85%
1995 Sense and Sensibility Emma Thompson
85%
1993 The Remains of the Day Emma Thompson
85%
1992 Howards End Emma Thompson
85%
2002 Monster's Ball Halle Berry
85%
1962 Sweet Bird of Youth Geraldine Page
85%
1972 Cabaret Liza Minnelli
85%
2006 Volver Penélope Cruz
85%
2017 The Shape of Water Sally Hawkins
85%
2021 Passing Tessa Thompson
85%
1952 A Streetcar Named Desire Vivien Leigh
85%
2008 Changeling Angelina Jolie
82%
1988 Moonstruck Cher
82%
2024 Wicked Cynthia Erivo
82%
1967 The Taming of the Shrew Elizabeth Taylor
82%
1966 Who's Afraid of Virginia Woolf? Elizabeth Taylor
82%
1958 Cat on a Hot Tin Roof Elizabeth Taylor
82%
1990 The Fabulous Baker Boys Michelle Pfeiffer
82%
2011 My Week with Marilyn Michelle Williams
82%
2024 Anora Mikey Madison
82%
1994 The Client Susan Sarandon
82%
1991 Thelma & Louise Susan Sarandon
82%
1982 Reds Diane Keaton
79%
1979 Manhattan Diane Keaton
79%
1977 Annie Hall Diane Keaton
79%
2018 The Wife Glenn Close
79%
1989 Dangerous Liaisons Glenn Close
79%
2000 Boys Don't Cry Hilary Swank
79%
1967 Barefoot in the Park Jane Fonda
79%
1965 Cat Ballou Jane Fonda
79%
1957 The Prince and the Showgirl Marilyn Monroe
79%
1955 The Seven Year Itch Marilyn Monroe
79%
1979 The China Syndrome Jane Fonda
79%
1978 Julia Jane Fonda
79%
1971 Klute Jane Fonda
79%
1970 They Shoot Horses, Don't They? Jane Fonda
79%
1965 The Americanization of Emily Julie Andrews
79%
1965 The Sound of Music Julie Andrews
79%
2025 Song Sung Blue Kate Hudson
79%
2000 Almost Famous Kate Hudson
79%
2007 Atonement Keira Knightley
79%
1997 L.A. Confidential Kim Basinger
79%
2022 Blonde Ana de Armas
76%
2017 Film Stars Don't Die in Liverpool Annette Bening
76%
2010 The Kids Are All Right Annette Bening
76%
1999 American Beauty Annette Bening
76%
2023 Maestro Carey Mulligan
76%
2009 An Education Carey Mulligan
76%
1977 Network Faye Dunaway
76%
1974 Chinatown Faye Dunaway
76%
2025 Hamnet Jessie Buckley
76%
2019 Wild Rose Jessie Buckley
76%
2000 Chocolat Juliette Binoche
76%
2008 I've Loved You So Long Kristin Scott Thomas
76%
1996 The English Patient Kristin Scott Thomas
76%
2018 Can You Ever Forgive Me? Melissa McCarthy
76%
2011 We Need to Talk About Kevin Tilda Swinton
76%
1999 Angela's Ashes Emily Watson
73%
1998 Hilary and Jackie Emily Watson
73%
1996 Breaking the Waves Emily Watson
73%
1993 The Piano Holly Hunter
73%
1955 The Country Girl Grace Kelly
73%
1954 Dial M for Murder Grace Kelly
73%
1962 Splendor in the Grass Natalie Wood
73%
1964 Irma la Douce Shirley MacLaine
73%
1964 What a Way to Go! Shirley MacLaine
73%
1960 The Apartment Shirley MacLaine
73%
1959 Ask Any Girl Shirley MacLaine
73%
1956 The Trouble with Harry Shirley MacLaine
73%
1988 A Fish Called Wanda Jamie Lee Curtis
73%
1992 Fried Green Tomatoes Jessica Tandy
73%
1990 Driving Miss Daisy Jessica Tandy
73%
2005 The Constant Gardener Rachel Weisz
73%
2025 If I Had Legs I'd Kick You Rose Byrne
73%
1990 Postcards from the Edge Shirley MacLaine
73%
1984 Terms of Endearment Shirley MacLaine
73%
1980 Being There Shirley MacLaine
73%
2001 In the Bedroom Sissy Spacek
73%
1982 Missing Sissy Spacek
73%
1981 Coal Miner's Daughter Sissy Spacek
73%
2015 The Danish Girl Alicia Vikander
70%
1987 84 Charing Cross Road Anne Bancroft
70%
1978 The Turning Point Anne Bancroft
70%
1975 The Prisoner of Second Avenue Anne Bancroft
70%
1972 Young Winston Anne Bancroft
70%
1968 The Graduate Anne Bancroft
70%
1973 Lady Sings the Blues Diana Ross
70%
2009 Precious Gabourey Sidibe
70%
1973 A Touch of Class Glenda Jackson
70%
1971 Sunday Bloody Sunday Glenda Jackson
70%
1969 Women in Love Glenda Jackson
70%
1970 Cactus Flower Goldie Hawn
70%
1970 There's a Girl in My Soup Goldie Hawn
70%
1964 The Pumpkin Eater Anne Bancroft
70%
1962 The Miracle Worker Anne Bancroft
70%
1958 The Inn of the Sixth Happiness Ingrid Bergman
70%
1963 What Ever Happened to Baby Jane? Joan Crawford
70%
1983 Tootsie Jessica Lange
70%
2007 Away from Her Julie Christie
70%
1973 Don't Look Now Julie Christie
70%
1971 The Go-Between Julie Christie
70%
1966 Doctor Zhivago Julie Christie
70%
1966 Fahrenheit 451 Julie Christie
70%
1965 Darling Julie Christie
70%
1963 Billy Liar Julie Christie
70%
1987 Personal Services Julie Walters
70%
1983 Educating Rita Julie Walters
70%
1970 Butch Cassidy and the Sundance Kid Katharine Ross
70%
1970 Tell Them Willie Boy Is Here Katharine Ross
70%
1976 One Flew Over the Cuckoo's Nest Louise Fletcher
70%
2003 21 Grams Naomi Watts
70%
2010 True Grit Hailee Steinfeld
67%
1997 The Wings of the Dove Helena Bonham Carter
67%
1955 A Star Is Born Judy Garland
67%
2004 Vera Drake Imelda Staunton
67%
1961 Two Women Sophia Loren
67%
1989 Working Girl Melanie Griffith
67%
1993 Tom & Viv Miranda Richardson
67%
1996 Secrets & Lies Brenda Blethyn
64%
1975 Alice Doesn't Live Here Anymore Ellen Burstyn
64%
1966 Georgy Girl Lynn Redgrave
64%
1966 Morgan - A Suitable Case for Treatment Vanessa Redgrave
64%
2009 Coco Before Chanel Audrey Tautou
61%
2001 Amélie Audrey Tautou
61%
1986 Hannah and Her Sisters Mia Farrow
61%
1985 The Purple Rose of Cairo Mia Farrow
61%
1969 John and Mary Mia Farrow
61%
1969 Rosemary's Baby Mia Farrow
61%
1969 Secret Ceremony Mia Farrow
61%
1995 Leaving Las Vegas Elisabeth Shue
58%
1957 The Three Faces of Eve Joanna Woodward
58%
1958 No Down Payment Joanne Woodward
58%
1974 Summer Wishes, Winter Dreams Joanne Woodward
58%
1968 Rachel, Rachel Joanne Woodward
58%
1989 Shirley Valentine Pauline Collins
58%
2023 Anatomy of a Fall Sandra Hüller
58%
2020 Pieces of a Woman Vanessa Kirby
58%
1980 The Rose Bette Midler
55%
2024 Emilia Pérez Karla Sofía Gascón
55%
2025 One Battle After Another Chase Infiniti
52%
1965 In Harm's Way Patricia Neal
52%
1963 Hud Patricia Neal
52%
2021 Licorice Pizza Alana Haim
48%
1964 The Chalk Garden Deborah Kerr
48%
1961 The Sundowners Deborah Kerr
48%
1957 Tea and Sympathy Deborah Kerr
48%
1955 The End of the Affair Deborah Kerr
48%
2012 Amour Emmanuelle Riva
48%
1964 The Night of the Iguana Ava Gardner
48%
1959 On the Beach Ava Gardner
48%
1956 Bhowani Junction Ava Gardner
48%
1960 Hiroshima, My Love Emmanuelle Riva
48%
1955 I Am a Camera Julie Harris
48%
1959 I Want to Live! Susan Hayward
48%
1956 I'll Cry Tomorrow Susan Hayward
48%
1958 Wild Is the Wind Anna Magnani
45%
1956 The Rose Tattoo Anna Magnani
45%
1976 Face to Face Liv Ullmann
45%
1975 Scenes from a Marriage Liv Ullmann
45%
1993 Shadowlands Debra Winger
42%
1967 My Sister, My Love Bibi Andersson
42%
1967 Persona Bibi Andersson
42%
1962 Through a Glass Darkly Harriet Andersson
42%
1963 Days of Wine and Roses Lee Remick
42%
1978 An Unmarried Woman Jill Clayburgh
42%
2024 Hard Truths Marianne Jean-Baptiste
42%
1978 The Goodbye Girl Marsha Mason
42%
1985 A Passage to India Peggy Ashcroft
42%
1959 The Nun's Story Peggy Ashcroft
42%
2025 Sentimental Value Renate Reinsve
42%
2021 The Worst Person in the World Renate Reinsve
42%
1960 Sons and Lovers Wendy Hiller
42%
1959 Separate Tables Wendy Hiller
42%
1968 Beauty of the Day Catherine Deneuve
39%
1955 Carmen Jones Dorothy Dandridge
39%
1967 The Deadly Affair Simone Signoret
39%
1966 The Sleeping Car Murders Simone Signoret
39%
1965 Ship of Fools Simone Signoret
39%
1958 Room at the Top Simone Signoret
39%
1957 The Witches of Salem Simone Signoret
39%
1952 Golden Helmet Simone Signoret
39%
2010 The Girl with the Dragon Tattoo Noomi Rapace
39%
2011 The Artist Bérénice Bejo
36%
1967 The Whisperers Edith Evans
36%
1964 The Chalk Garden Edith Evans
36%
1963 Tom Jones Edith Evans
36%
1961 The Hustler Piper Laurie
36%
1976 The Shootist Lauren Bacall
36%
1953 The Captain's Paradise Celia Johnson
33%
1952 I Believe in You Celia Johnson
33%
1961 Whistle Down the Wind Hayley Mills
33%
1960 Pollyanna Hayley Mills
33%
1954 About Mrs. Leslie Shirley Booth
33%
1953 Come Back, Little Sheba Shirley Booth
33%
1955 The Ladykillers Katie Johnson
33%
1987 Hope and Glory Sarah Miles
33%
1970 Ryan's Daughter Sarah Miles
33%
1963 The Servant Sarah Miles
33%
2022 Till Danielle Deadwyler
30%
2023 The Color Purple Fantasia Barrino
30%
1967 A Man and a Woman Anouk Aimée
30%
1962 Lola Anouk Aimée
30%
1960 Elmer Gantry Jean Simmons
30%
1956 Guys and Dolls Jean Simmons
30%
1953 Lili Leslie Caron
30%
1959 Auntie Mame Rosalind Russell
30%
1998 Little Voice Jane Horrocks
30%
1997 Nil by Mouth Kathy Burke
30%
1985 Witness Kelly McGillis
30%
1962 The L-Shaped Room Leslie Caron
30%
1986 Mona Lisa Cathy Tyson
27%
1974 The Autobiography of Miss Jane Pittman Cicely Tyson
27%
1966 Viva Maria! Brigitte Bardot
27%
1976 The Ritz Rita Moreno
27%
1991 Truly, Madly, Deeply Juliet Stevenson
24%
1999 East Is East Linda Bassett
24%
1977 3 Women Shelley Duvall
24%
2020 Clemency Alfre Woodard
21%
1975 Lenny Valerie Perrine
21%
2005 Memoirs of a Geisha Zhang Ziyi
21%
2004 House of Flying Daggers Zhang Ziyi
21%
2003 The Mother Anne Reid
18%
1987 Wish You Were Here Emily Lloyd
18%
1956 Baby Doll Carroll Baker
18%
1964 Séance on a Wet Afternoon Kim Stanley
18%
1965 Zorba the Greek Lila Kedrova
18%
1962 Phaedra Melina Mercouri
18%
1960 Never on Sunday Melina Mercouri
18%
2021 After Love Joanna Scanlan
18%
1977 The Late Show Lily Tomlin
18%
1955 Marty Betsy Blair
15%
1957 A Hatful of Rain Eva Marie Saint
15%
1994 The Last Seduction Linda Fiorentino
15%
1958 Carve Her Name with Pride Virginia McKenna
15%
1956 A Town Like Alice Virginia McKenna
15%
2020 His House Wunmi Mosaku
15%
1994 Three Colours: Red Irène Jacob
12%
1954 Carrington V.C. Margaret Leighton
12%
1985 Letter to Brezhnev Alexandra Pigg
9%
2020 Rocks Bukky Bakray
9%
1958 Room at the Top Hermione Baddeley
9%
1966 Viva Maria! Jeanne Moreau
9%
1962 Jules and Jim Jeanne Moreau
9%
1961 Breathless Jean Seberg
9%
1954 Phffft Judy Holliday
9%
1952 The Marrying Kind Judy Holliday
9%
1956 Picnic Kim Novak
9%
1956 The Rose Tattoo Marisa Pavan
9%
1965 The Knack...and How to Get It Rita Tushingham
9%
1964 Girl with Green Eyes Rita Tushingham
9%
1959 No Trees in the Street Sylvia Syms
9%
1957 Woman in a Dressing Gown Sylvia Syms
9%
1992 Strictly Ballroom Tara Morice
9%
1963 Sparrows Can't Sing Barbara Windsor
6%
1961 A Taste of Honey Dora Bryan
6%
1954 Bread, Love and Dreams Gina Lollobrigida
6%
1958 Nights of Cabiria Giulietta Masina
6%
1955 The Road Giulietta Masina
6%
1966 The Group Joan Hackett
6%
1959 The Horse's Mouth Kay Walsh
6%
1971 Taking Off Lynn Carlin
6%
1959 Sapphire Yvonne Mitchell
6%
1954 The Divided Heart Yvonne Mitchell
6%
1954 Hobson's Choice Brenda de Banzie
3%
1961 Rocco and His Brothers Annie Girardot
3%
1961 A Raisin in the Sun Claudia McNeil
3%
1963 Divorce Italian Style Daniela Rocca
3%
1956 Gervaise Maria Schell
3%
1953 The Heart of the Matter Maria Schell
3%
1960 The Adventure Monica Vitti
3%
1958 Orders to Kill Irene Worth
3%
1982 36 Chowringhee Lane Jennifer Kendal
3%
1955 Touch and Go Margaret Johnston
3%
1955 Cast a Dark Shadow Margaret Lockwood
3%
1971 The Raging Moon Nanette Newman
3%
1952 Mandy Phyllis Calvert
3%
2020 The Forty-Year-Old Version Radha Blank
3%
1988 Babette's Feast Stéphane Audran
3%
1973 The Discreet Charm of the Bourgeoisie Stéphane Audran
3%
1973 Just Before Nightfall Stéphane Audran
3%
1972 The Butcher Stéphane Audran
3%
2023 Rye Lane Vivian Oparah
3%
1952 The Sound Barrier Ann Todd
0%
1967 Ulysses Barbara Jefford
0%
1956 Reach for the Sky Dorothy Alison
0%
1972 Savage Messiah Dorothy Tutin
0%
1957 The Story of Esther Costello Heather Sears
0%
1957 That Night! Augusta Dabney
0%
1954 The Divided Heart Cornell Borchers
0%
1952 Olivia Edwige Feuillère
0%
1959 A Matter of Dignity Ellie Lambeti
0%
1956 Smiles of a Summer Night Eva Dahlbeck
0%
1957 Is Anna Anderson Anastasia? Lilli Palmer
0%
1953 The Medium Marie Powers
0%
1952 The Strange Ones Nicole Stéphane
0%
1960 The Angry Silence Pier Angeli
0%
1958 The Cranes Are Flying Tatiana Samoilova
0%
1962 Life for Ruth Janet Munro
0%
1958 Aparajito Karuna Banerjee
0%
1954 Carrington V.C. Noelle Middleton
0%
1983 Another Time, Another Place Phyllis Logan
0%
1962 The Wild and the Willing Virginia Maskell
0%
No matching quizzes found
Score Distribution
Percent of People with Each Score
Percentile by Number Answered
Your Score History
You have not taken this quiz since the last reset